00371nam a22001457a 4500003000500000005001700005008004100022020001800063040000600081082001600087100003500103245003600138260003100174650002000205CEME20210628201829.0210222b xxu||||| |||| 00| 0 eng d a0-471-54852-9 c. a620.106 FOX aFox, Robert.W Mcdonald, Alan.T aIntroduction to fluid mechanics aNEW YORKbJOHN WILEYc1992 aFLUID MECHNAICS